Logo BPK

Biblioteka

Politechniki Koszalińskiej

Charakter punktów osobliwych w prostym adiobatycznym kanale pionowym dla gazu doskonałego w przepływie w dół / (Rekord nr 22361)

Szczegóły MARC
000 -ETYKIETA REKORDU
podpole kontrolne o stałej długości 00413nam a2200145 i 4500
001 - NUMER KONTROLNY REKORDU
pole kontrolne bg
040 ## - ŹRÓDŁO KATALOGOWANIA
Instytucja, która utworzyła rekord BPK
041 ## - KOD JĘZYKA
Kod języka tekstu pol
080 ## - UNIWERSALNA KLASYFIKACJA DZIESIĘTNA - UKD
UKD 533
008 - POLE O STAŁEJ DŁUGOŚCI - DANE KONTROLNE
podpole kontrolne o stałej długości s pl f |000 0 pol
100 1# - NAZWA OSOBOWA
Nazwa osobowa BILICKI, Zbigniew
245 #0 - TYTUŁ/ODPOWIEDZIALNOŚĆ
Tytuł Charakter punktów osobliwych w prostym adiobatycznym kanale pionowym dla gazu doskonałego w przepływie w dół /
Pozostałe elementy strefy tytułu i oznaczenia odpowiedzialności Z. Bilicki.
260 ## - STREFA ADRESU WYDAWNICZEGO
Miejsce wydania Gdańsk,
Data publikacji, dystrybucji/powstania dokumentu 1983.
856 ## - LOKALIZACJA I DOSTĘP DO ELEKTRONICZNYCH DOKUMENTÓW ZDALNYCH
Link (URL) http://koha.tu.koszalin.pl/cgi-bin/koha/opac-detail.pl?biblionumber=22361
Tekst linku Katalog online BPK
942 ## - DODATKOWE ELEMENTY (KOHA)
Typ dokumentu Książka
Egzemplarze
Wycofany Status egzemplarza Uszkodzony Dostępność Lokalizacja stała Lokalizacja bieżąca Miejsce przechowywania Sygnatura Kod kreskowy Typ dokumentu
      Dostępny Biblioteka Politechniki Koszalińskiej Biblioteka Politechniki Koszalińskiej Wypożyczalnia BG 31399 01563375 Książka
© 2023 Biblioteka Politechniki Koszalińskiej :: KOHA